Datum a čas kvízu
43.5
Celkem bodů
Celkový počet nahraných bodů na tomto kvízu bez doplňovacích otázek.
1.
Pořadí na kvízu
Konečné umístění týmu na tomto kvízu.
Zaznamenané odpovědi
| # | Otázka | Odpověď | Body | Výsledky |
|---|---|---|---|---|
| 1. | V sobotu začala v celé České r... | Suchej únor | 1 | |
| 2. | Velká Británie minulý týden de... | po 47 letech (42–52) | 1 | |
| 3. | V pražském Divadle Archa se v... | Kolja | 1 | |
| 4. | V pátek vstoupilo v platnost o... | zákaz předjíždění pro kamiony | 1 | |
| 5. | Napíšete-li jména obou šampión... | Novak Djoković, Sofia Keninová | 0.5 | |
| 6. | Co všechno může být ztracené?... | Jantarová komnata | 1 | |
| 7. | Vzpomenete si na seriál Ztrace... | B | 1 | |
| 8. | "Ne každé zlato třpytívá se, n... | Bilbo Pytlík | 0 | |
| 9. | V seznamu 100 nejdůležitějších... | Hledání ztraceného času | 1 | |
| 10. | Dodnes nebyla uspokojivě vysvě... | na území Ruska | 0 |